| 000 | 00524cam a22002174a 4500 | ||
|---|---|---|---|
| 005 | 20250605164326.0 | ||
| 008 | 250528s ||||||||||||||||||||||||d | ||
| 035 | _a23034 | ||
| 020 | _a9780805385656 | ||
| 040 |
_aGR-AtMCL _bgre _dGR-AtMCL _eAACR2 |
||
| 245 | 1 | _aTHE SCIENCE OF SOUND | |
| 250 | _a3 | ||
| 260 |
_bAddison-Wesley, _c2002 |
||
| 300 | _a783 | ||
| 700 | 1 |
_aMoore F.Richard _98610 |
|
| 700 | 1 |
_aRossing Thomas D _98611 |
|
| 700 | 1 |
_aWheeler Paul A _98612 |
|
| 942 | _cBK | ||
| 999 |
_c8075 _d8075 |
||